Código Sanitario: edición oficial, aprobada por Decreto N§ 1.299 de 22 de diciembre de 1987, del Ministerio de Justicia
Guardat en:
| Format: | Llibre |
|---|---|
| Idioma: | espanyol |
| Publicat: |
Santiago
Jurídica de Chile
1988
|
| Edició: | 6a. ed |
| Matèries: | |
| Etiquetes: |
Afegir etiqueta
Sense etiquetes, Sigues el primer a etiquetar aquest registre!
|
MARC
| LEADER | 00000nam a2200000 a 4500 | ||
|---|---|---|---|
| 001 | UCV0569 | ||
| 003 | CL-VaPUC | ||
| 008 | 881103e19880000CL |||||||||||||||||spa|d | ||
| 082 | 0 | 4 | |a 344.8304 |b COD |2 21 |
| 245 | 1 | 0 | |a Código Sanitario: edición oficial, aprobada por Decreto N§ 1.299 de 22 de diciembre de 1987, del Ministerio de Justicia |
| 250 | |a 6a. ed | ||
| 300 | |a 219 p | ||
| 942 | |c BK | ||
| 945 | |d 19881103 00:00:00 |a cmena | ||
| 260 | |a Santiago |b Jurídica de Chile |c 1988 | ||
| 650 | 7 | |a SALUD PUBLICA LEGISLACION |2 CL-VaPUC |9 255368 | |
| 650 | 7 | |a CODIGO SANITARIO 1988 |2 CL-VaPUC |9 255369 | |
| 651 | 7 | |a CHILE |2 CL-VaPUC |9 295042 | |
| 583 | |a last modification |c 20111014 11:55:32 |k Rodrigo Vera | ||
| 999 | |c 208962 |d 208960 | ||
| 952 | |0 0 |1 0 |2 ddc |4 0 |6 344_830400000000000_COD_1988 |7 0 |8 FOND_LRYV |9 184017 |a BIBDER |b BIBDER |d 2019-11-14 |i 2509857 |o 344.8304 COD 1988 |p 2509857 |r 2023-01-25 |w 2019-11-14 |y BK_X |k DER | ||